1577 1473 1857 1677 1645 1063 1642 1631 1797 1011 1256 1904 1602 1712 1206 1463 1728 1205 1942 1327 1099 1565 1592 1712 1019 1097 1054 1846 1065 1592 1255 1055 1992 1568 1142 1521 1286 1985 1282 1267 1420 1577 1366 1130 1979 1704 1778 1217 1019 1704 1680 1405 1310 1844 1085 1894 1476 1981 1893 1274 1834 1105 1738 1380 1106 1921 1308 1753 1715 1211 1708 1306 1575 1026 1398 1339 1280 1842 1767 1776 1306 1660 1021 1233 1008 1536 1549 1900 1128 1592 1227 1758 1375 1525 1823 1014 1998 1743 1086 BCNSPRNW ULIB Ver.6.0+V

เปลี่ยนเป็นภาษาไทย

Change to English
 แสดงรายละเอียดบรรณานุกรม
  กลับหน้าหลัก

Brief Record : Get Marc (ISO 2709) : E-mail record : QR code < ปิดหน้าต่าง
LEADER : 00000nam 2200000uu 4500
001    13399124006
003     ULIB
008    141223s2556||||th 000 0 tha d
020    ^a9786161112769
060  4 ^aWB541^bร863ก
100 0  ^aสิทธา พงษ์พิบูลย์
245 10 ^aคู่มือเจ้าหน้าที่สาธารณสุขการป้องกันและบำบัดโรคไม่ติดต่อเรื้อรังด้วยการออกกำลังกาย โรคเบาหวาน โรคความดันโลหิตสูง โรคอ้วน โรคหลอดเลือดหัวใจตีบ/^cสิทธา พงษ์พิบูลย์ บรรณาธิการ, อำนวย ภูภัทรพงศ์ และ นงพะงา ศิวานุวัฒน์
250    ^aพิมพ์ครั้งที่ 1
260    ^aกรุงเทพฯ :^bโรงพิมพ์ชุมนุมสหกรณ์การเกษตรแห่งประเทศไทย,^c2556
300    ^aก, 180 หน้า
650  7 ^aการรักษาด้วยการออกกำลังกาย
650  7 ^aการออกกำลังกาย
650  7 ^aความดันเลือดสูง
650  7 ^aเบาหวาน
650  7 ^aหลอดเลือดหัวใจตีบ, โรค
650  7 ^aความดันเลือดสูง^xการรักษาด้วยการออกกำลังกาย
650  7 ^aเบาหวาน^xการรักษาด้วยการออกกำลังกาย
650  7 ^aหัวใจร่วมหลอดเลือด, โรค^xการรักษาด้วยการออกกำลังกาย
700 0  ^aอำนวย ภูภัทรพงศ์ ,^eบก
700 0  ^aนงพะงา ศิวานุวัฒน์,^eบก
710 2  ^aกองออกกำลังกายเพื่อสุขภาพ.^bกรมอนามัย.^bกระทรวงสาธารณสุข
945    ^p0^l0^i037620
945    ^p0^l0^i037621
945    ^p0^l0^i037622
945    ^p0^l0^i037623
945    ^p0^l0^i037624
999    ^aเกษร โพธิ์สุวรรณ
รายการนี้ยังไม่มีแท็ก
คุณยังไม่ได้ล็อกอิน คุณสามารถมีกิจกรรมร่วมกับเว็บไซต์ได้ แต่ต้องล็อกอินก่อน ::
  ล็อกอิน

รายการสื่อสารสนเทศ

ลำดับที่ ประเภท เลขเรียก/บาร์โค้ด สถานที่ สถานะ
1. วิทยาศาสตร์การแพทย์ และสุขภาพ
หนังสือสำรอง
สถานะ=หนังสือสำรอง
WB541 ร863ก ฉ.1 
  Barcode: 037620
ห้องสมุดวิทยาเขตสวรรค์ประชารักษ์
►ส่วนจัดเก็บหนังสือเก่า สปร
บนชั้น
  ขอยืม
2. วิทยาศาสตร์การแพทย์ และสุขภาพ
วิทยาศาสตร์การแพทย์ และสุขภาพ
WB541 ร863ก ฉ.2 
  Barcode: 037621
ห้องสมุดวิทยาเขตสวรรค์ประชารักษ์
►ส่วนจัดเก็บหนังสือเก่า สปร
บนชั้น
  ขอยืม
3. วิทยาศาสตร์การแพทย์ และสุขภาพ
วิทยาศาสตร์การแพทย์ และสุขภาพ
WB541 ร863ก ฉ.3 
  Barcode: 037622
ห้องสมุดวิทยาเขตสวรรค์ประชารักษ์
►ส่วนจัดเก็บหนังสือเก่า สปร
บนชั้น
  ขอยืม
4. วิทยาศาสตร์การแพทย์ และสุขภาพ
วิทยาศาสตร์การแพทย์ และสุขภาพ
WB541 ร863ก ฉ.4 
  Barcode: 037623
ห้องสมุดวิทยาเขตสวรรค์ประชารักษ์
►ส่วนจัดเก็บหนังสือเก่า สปร
บนชั้น
  ขอยืม
5. วิทยาศาสตร์การแพทย์ และสุขภาพ
วิทยาศาสตร์การแพทย์ และสุขภาพ
WB541 ร863ก ฉ.5 
  Barcode: 037624
ห้องสมุดวิทยาเขตสวรรค์ประชารักษ์
►ส่วนจัดเก็บหนังสือเก่า สปร
บนชั้น
  ขอยืม

รายการใกล้เคียง
    หัวเรื่อง [การรักษาด้วยการออกกำลังกาย]
    หัวเรื่อง [การออกกำลังกาย]
    หัวเรื่อง [ความดันเลือดสูง]
    หัวเรื่อง [เบาหวาน]

BibComment


ยังไม่เคยถูกคอมเมนท์

คอมเมนท์ทรัพยากรรายการนี้
  คอมเมนท์: คู่มือเจ้าหน้าที..


 Copyright 2026. Bcnsprnw @Library